O homem de Majapan (Registo nº 9316)
[ vista simples ]
| 000 -Etiqueta do registo | |
|---|---|
| Valores | 00628nam a22002051i 4500 |
| 090 ## - | |
| -- | 9316 |
| 010 ## - Número ISBN | |
| ISBN | 9788434500921 |
| 100 ## - Dados gerais de processamento | |
| Dados gerais | 20170304u u u0frey50 ba |
| 101 0# - Língua de publicação | |
| -- | por |
| 200 1# - Titulo e menção de responsabilidade | |
| Título próprio | O homem de Majapan |
| Informação de outro título | as três irmãs |
| 215 ## - Descrição física | |
| Paginação / Volumes | [46] p. |
| Outras indicações físicas | il. |
| Dimensões | 19 cm |
| 210 ## - Publicação | |
| Nome do editor | Salvat |
| Data de publicação | 1999 |
| 225 2# - Colecção | |
| Título próprio da colecção | A biblioteca de as três irmãs |
| Indicação de volume | 17 |
| 410 #0 - | |
| -- | A biblioteca de as três irmãs |
| 676 ## - | |
| -- | 82-93 |
| 610 0# - Termos não controlados | |
| Palavra de ordem | Literatura+infantil |
| 701 #1 - Co-autor principal (pessoa individual) | |
| Apelido | Capdevila |
| Nome | Roser |
| -- | 440 |
| 996 ## - ISO2709 | |
| -- | 0010150 |
| -- | 82E-3 CAP Inf |
| -- | 00000000 |
| -- | 00000000 |
| -- | BMVA |
| -- | 1 |
| -- | Viana do Alentejo |
| -- | Literatura Infantil |
| -- | 35 |
| -- | Livro |
| -- | 0 |
| -- | 1 |
| 990 ## - Elementos KOHA | |
| Tipo de documento | Livro |
| Situação do levantamento | Estado | Biblioteca de origem | Biblioteca de empréstimo | Código de barras | Cota | Permissão de empréstimo | Tipo de documento |
|---|---|---|---|---|---|---|---|
| Completo | Biblioteca Municipal de Viana Do Alentejo | Biblioteca Municipal de Viana Do Alentejo | 0013345 | 8 CAP | Disponível | Livro |